00330nam a2200133Ia 4500008004100000041000800041082001300049100001500062245005300077260002700130300000800157365001600165700001500181230718s9999 xx 000 0 und d aeng a530bHAL aHalpern A. aSchaums Outlines 3000 Solved Problems In Physics bTata Mc-graw Hill Pub. a475 cRs.b385.00 aHalpern A.